<?xml version="1.0" encoding="UTF-8"?>
<record
    xmlns:xsi="http://www.w3.org/2001/XMLSchema-instance"
    xsi:schemaLocation="http://www.loc.gov/MARC21/slim http://www.loc.gov/standards/marcxml/schema/MARC21slim.xsd"
    xmlns="http://www.loc.gov/MARC21/slim">

  <leader>01455nam a2200181Ia 4500</leader>
  <controlfield tag="008">151202s9999||||xx |||||||||||||| ||und||</controlfield>
  <datafield tag="082" ind1=" " ind2=" ">
    <subfield code="b">PNVM-124101</subfield>
  </datafield>
  <datafield tag="100" ind1=" " ind2=" ">
    <subfield code="a">"&#x938;&#x902;&#x928;&#x93E;-&#x935;&#x93E;&#x933;&#x93F;&#x902;&#x92C;&#x947;,&#x939;&#x93E;&#x924;&#x915;&#x923;&#x902;&#x917;&#x932;&#x947;&#x915;&#x930;,&#x926;&#x947;&#x936;&#x92A;&#x93E;&#x902;&#x921;&#x947;,&#x915;&#x938;&#x92C;&#x947;&#x915;&#x930;,&#x928;&#x930;&#x915;&#x947;,&#x936;&#x947;&#x923;&#x908;."</subfield>
  </datafield>
  <datafield tag="245" ind1=" " ind2=" ">
    <subfield code="a">&#x92E;&#x939;&#x93E;&#x930;&#x93E;&#x937;&#x94D;&#x91F;&#x94D;&#x930; &#x938;&#x93E;&#x939;&#x93F;&#x924;&#x94D;&#x92F; &#x92A;&#x924;&#x94D;&#x930;&#x93F;&#x915;&#x93E; &#x926;&#x93F;&#x935;&#x93E;&#x933;&#x940; 1994 &#x91C;&#x94D;&#x91E;&#x93E;&#x928;&#x947;&#x936;&#x94D;&#x935;&#x930;&#x940; &#x90F;&#x915;&#x928;&#x93E;&#x925;&#x938;&#x902;&#x936;&#x94B;&#x927;&#x928;&#x92A;&#x942;&#x930;&#x94D;&#x935; &#x92A;&#x94D;&#x930;&#x924; &#x905;&#x902;&#x915; 271.</subfield>
  </datafield>
  <datafield tag="260" ind1=" " ind2=" ">
    <subfield code="b">"&#x92E;&#x939;&#x93E;&#x930;&#x93E;&#x937;&#x94D;&#x91F;&#x94D;&#x930; &#x938;&#x93E;&#x939;&#x93F;&#x924;&#x94D;&#x92F; &#x92A;&#x930;&#x93F;&#x937;&#x926;,&#x92A;&#x941;&#x923;&#x947;."</subfield>
  </datafield>
  <datafield tag="260" ind1=" " ind2=" ">
    <subfield code="c">1994</subfield>
  </datafield>
  <datafield tag="300" ind1=" " ind2=" ">
    <subfield code="a">125</subfield>
  </datafield>
  <datafield tag="600" ind1=" " ind2=" ">
    <subfield code="a">"&#x938;&#x902;&#x928;&#x93E;-&#x935;&#x93E;&#x933;&#x93F;&#x902;&#x92C;&#x947;,&#x939;&#x93E;&#x924;&#x915;&#x923;&#x902;&#x917;&#x932;&#x947;&#x915;&#x930;,&#x926;&#x947;&#x936;&#x92A;&#x93E;&#x902;&#x921;&#x947;,&#x915;&#x938;&#x92C;&#x947;&#x915;&#x930;,&#x928;&#x930;&#x915;&#x947;,&#x936;&#x947;&#x923;&#x908;."</subfield>
  </datafield>
  <datafield tag="630" ind1=" " ind2=" ">
    <subfield code="a">&#x92E;&#x939;&#x93E;&#x930;&#x93E;&#x937;&#x94D;&#x91F;&#x94D;&#x930; &#x938;&#x93E;&#x939;&#x93F;&#x924;&#x94D;&#x92F; &#x92A;&#x924;&#x94D;&#x930;&#x93F;&#x915;&#x93E; &#x926;&#x93F;&#x935;&#x93E;&#x933;&#x940; 1994 &#x91C;&#x94D;&#x91E;&#x93E;&#x928;&#x947;&#x936;&#x94D;&#x935;&#x930;&#x940; &#x90F;&#x915;&#x928;&#x93E;&#x925;&#x938;&#x902;&#x936;&#x94B;&#x927;&#x928;&#x92A;&#x942;&#x930;&#x94D;&#x935; &#x92A;&#x94D;&#x930;&#x924; &#x905;&#x902;&#x915; 271.</subfield>
  </datafield>
  <datafield tag="700" ind1=" " ind2=" ">
    <subfield code="a">"&#x938;&#x902;&#x928;&#x93E;-&#x935;&#x93E;&#x933;&#x93F;&#x902;&#x92C;&#x947;,&#x939;&#x93E;&#x924;&#x915;&#x923;&#x902;&#x917;&#x932;&#x947;&#x915;&#x930;,&#x926;&#x947;&#x936;&#x92A;&#x93E;&#x902;&#x921;&#x947;,&#x915;&#x938;&#x92C;&#x947;&#x915;&#x930;,&#x928;&#x930;&#x915;&#x947;,&#x936;&#x947;&#x923;&#x908;."</subfield>
  </datafield>
  <datafield tag="730" ind1=" " ind2=" ">
    <subfield code="a">&#x92E;&#x939;&#x93E;&#x930;&#x93E;&#x937;&#x94D;&#x91F;&#x94D;&#x930; &#x938;&#x93E;&#x939;&#x93F;&#x924;&#x94D;&#x92F; &#x92A;&#x924;&#x94D;&#x930;&#x93F;&#x915;&#x93E; &#x926;&#x93F;&#x935;&#x93E;&#x933;&#x940; 1994 &#x91C;&#x94D;&#x91E;&#x93E;&#x928;&#x947;&#x936;&#x94D;&#x935;&#x930;&#x940; &#x90F;&#x915;&#x928;&#x93E;&#x925;&#x938;&#x902;&#x936;&#x94B;&#x927;&#x928;&#x92A;&#x942;&#x930;&#x94D;&#x935; &#x92A;&#x94D;&#x930;&#x924; &#x905;&#x902;&#x915; 271.</subfield>
  </datafield>
  <datafield tag="942" ind1=" " ind2=" ">
    <subfield code="c">BOOK</subfield>
  </datafield>
  <datafield tag="999" ind1=" " ind2=" ">
    <subfield code="c">1354230</subfield>
    <subfield code="d">1354227</subfield>
  </datafield>
  <datafield tag="952" ind1=" " ind2=" ">
    <subfield code="0">0</subfield>
    <subfield code="1">0</subfield>
    <subfield code="4">0</subfield>
    <subfield code="7">0</subfield>
    <subfield code="a">PNVM</subfield>
    <subfield code="b">PNVM</subfield>
    <subfield code="d">2015-06-21</subfield>
    <subfield code="g">0.00</subfield>
    <subfield code="l">0</subfield>
    <subfield code="o">PNVM-124101</subfield>
    <subfield code="p">PNVM-124101</subfield>
    <subfield code="r">2015-12-02 00:00:00</subfield>
    <subfield code="v">0.00</subfield>
    <subfield code="w">2015-12-02</subfield>
    <subfield code="y">BOOK</subfield>
  </datafield>
</record>
